00333nam a22001337a 4500020001500000040000900015082001600024100002100040110004000061245002100101250001900122260003800141650002000179 a8129700573 cNUST a620.106 DOU aDauglas, John F. aGasiorek, Janusz M Swaffield John A aFluid Mechanics: aFourth Edition aIndia:bPearson Education,c2001. aFluid Mechanics